[Event "Djenovici TS04 IM 5th"]
[Site "Djenovici"]
[Date "2023.05.28"]
[Round "9"]
[White "Smirnov, Artem"]
[Black "Thorsteinsson, Thorsteinn"]
[Result "1-0"]
[WhiteElo "2414"]
[BlackElo "2218"]
[PlyCount "41"]
[EventDate "2023.05.20"]
[EventType "tourn"]
[EventRounds "9"]
[EventCountry "MNE"]
[EventCategory "1"]
[SourceTitle "CBM 214 Extra"]
[Source "ChessBase"]
[SourceDate "2023.07.31"]
[SourceVersion "1"]
[SourceVersionDate "2023.07.31"]
[SourceQuality "1"]

1. d4 d5 2. c4 e6 3. Nc3 Nf6 4. Bg5 Nbd7 5. e3 h6 6. Bh4 Be7 7. Nf3 0-0 8. Qc2 a6 9. Rd1 dxc4 10. a4 c5 11. Bxc4 cxd4 12. Rxd4 Qa5 13. 0-0 e5 14. Rdd1 Nb6 15. Ba2 Bd7 16. Bxf6 Bxf6 17. Rd6 e4 18. Nxe4 Be7 19. b4 Bxa4 20. Qb1 Qb5 21. Nd4 1-0

[Event "Djenovici TS04 IM 5th"]
[Site "Djenovici"]
[Date "2023.05.26"]
[Round "7"]
[White "Thorsteinsson, Thorsteinn"]
[Black "Pappelis, Dimitrios"]
[Result "1/2-1/2"]
[WhiteElo "2218"]
[BlackElo "2159"]
[PlyCount "31"]
[EventDate "2023.05.20"]
[EventType "tourn"]
[EventRounds "9"]
[EventCountry "MNE"]
[EventCategory "1"]
[SourceTitle "CBM 214 Extra"]
[Source "ChessBase"]
[SourceDate "2023.07.31"]
[SourceVersion "1"]
[SourceVersionDate "2023.07.31"]
[SourceQuality "1"]

1. d4 d5 2. Nf3 Nf6 3. g3 c6 4. Bg2 Bg4 5. Ne5 Bf5 6. 0-0 e6 7. c4 Nbd7 8. Nd2 Be7 9. b3 0-0 10. Bb2 h6 11. a3 a5 12. Nd3 b5 13. c5 Qc7 14. Re1 Rfe8 15. f3 Bxd3 16. exd3 1/2-1/2

[Event "Djenovici TS04 IM 5th"]
[Site "Djenovici"]
[Date "2023.05.25"]
[Round "6"]
[White "Tomic, Aleksandar"]
[Black "Thorsteinsson, Thorsteinn"]
[Result "1-0"]
[WhiteElo "2383"]
[BlackElo "2218"]
[PlyCount "51"]
[EventDate "2023.05.20"]
[EventType "tourn"]
[EventRounds "9"]
[EventCountry "MNE"]
[EventCategory "1"]
[SourceTitle "CBM 214 Extra"]
[Source "ChessBase"]
[SourceDate "2023.07.31"]
[SourceVersion "1"]
[SourceVersionDate "2023.07.31"]
[SourceQuality "1"]

1. d4 d5 2. Bf4 e6 3. e3 c5 4. c3 Bd6 5. Bg3 Qc7 6. Na3 a6 7. Qa4+ Bd7 8. Nb5 Bxb5 9. Bxb5+ Kf8 10. Qa3 b6 11. dxc5 bxc5 12. c4 Bxg3 13. hxg3 Ra7 14. Ba4 Qa5+ 15. Ke2 Nf6 16. Rc1 Rc7 17. Qb3 Nbd7 18. Bxd7 Rxd7 19. Nf3 Rd8 20. Rhd1 Ke7 21. cxd5 exd5 22. Ne5 Qc7 23. f4 Rb8 24. Qa3 Rb5 25. Rc2 Ra5 26. Qxa5 1-0

[Event "EU-ch 21st"]
[Site "Reykjavik"]
[Date "2021.08.26"]
[Round "1"]
[White "Durarbayli, Vasif"]
[Black "Thorsteinsson, Thorsteinn"]
[Result "1-0"]
[WhiteElo "2625"]
[BlackElo "2260"]
[PlyCount "75"]
[EventDate "2021.08.26"]
[EventType "swiss"]
[EventRounds "11"]
[EventCountry "ISL"]
[SourceTitle "CBM 204"]
[Source "ChessBase"]
[SourceDate "2021.10.31"]
[SourceVersion "1"]
[SourceVersionDate "2021.10.31"]
[SourceQuality "1"]

1. e4 c5 2. Nf3 g6 3. d4 cxd4 4. Nxd4 Bg7 5. c4 Nc6 6. Be3 Nf6 7. Nc3 0-0 8. Be2 d6 9. 0-0 Bd7 10. Nc2 Ne5 11. a4 Rc8 12. b3 a5 13. Qd2 Bc6 14. f3 Ned7 15. Rab1 b6 16. Rfd1 Nc5 17. Nd4 Bd7 18. Bf1 Re8 19. Qf2 Qc7 20. g3 Qb8 21. Bg2 Rcd8 22. h3 h5 23. g4 hxg4 24. hxg4 e5 25. Nde2 Bc6 26. Qh4 Ne6 27. Kf2 Nh7 28. Rh1 Nef8 29. Rbd1 Qc7 30. Nd5 Bxd5 31. Rxd5 Bf6 32. g5 Be7 33. Bh3 Rb8 34. Nc3 Qd8 35. f4 f6 36. Be6+ Kg7 37. Qh6+ Kh8 38. f5 1-0

[Event "ISL-chT1 1819"]
[Site "Reykjavik"]
[Date "2019.03.02"]
[Round "9.5"]
[White "Karlsson, Bjorn Ivar"]
[Black "Thorsteinsson, Thorsteinn"]
[Result "1/2-1/2"]
[WhiteElo "2339"]
[BlackElo "2273"]
[PlyCount "28"]
[EventDate "2018.11.08"]
[EventType "team-tourn"]
[EventRounds "9"]
[EventCountry "ISL"]
[SourceTitle "CBM 189 Extra"]
[Source "ChessBase"]
[SourceDate "2019.06.03"]
[SourceVersion "1"]
[SourceVersionDate "2019.06.03"]
[SourceQuality "1"]
[WhiteTeam "Skakfelag Akureyrar"]
[BlackTeam "Skakfelagidj Huginn II"]
[WhiteTeamCountry "ISL"]
[BlackTeamCountry "ISL"]

1. Nf3 d5 2. g3 g6 3. Bg2 Bg7 4. d4 e6 5. 0-0 Ne7 6. c4 Nbc6 7. e3 0-0 8. Qe2 b6 9. Rd1 Re8 10. b3 a5 11. a4 Bb7 12. Bb2 Nb4 13. Na3 Nf5 14. Nc2 dxc4 1/2-1/2

[Event "Budapest FS05 GM"]
[Site "Budapest"]
[Date "2018.05.08"]
[Round "3"]
[White "Thorsteinsson, Thorsteinn"]
[Black "Gasanov, Eldar"]
[Result "1/2-1/2"]
[WhiteElo "2299"]
[BlackElo "2482"]
[PlyCount "76"]
[EventDate "2018.05.05"]
[EventType "tourn"]
[EventRounds "9"]
[EventCountry "HUN"]
[EventCategory "6"]
[SourceTitle "CBM 184 Extra"]
[Source "ChessBase"]
[SourceDate "2018.06.28"]
[SourceVersion "1"]
[SourceVersionDate "2018.06.28"]
[SourceQuality "1"]

1. c4 e5 2. g3 d6 3. Bg2 f5 4. Nc3 Nf6 5. d3 g6 6. e4 Nc6 7. Nge2 Bg7 8. Nd5 Nxd5 9. cxd5 Ne7 10. 0-0 0-0 11. Be3 Kh8 12. Rc1 c6 13. dxc6 Nxc6 14. Qd2 Be6 15. d4 d5 16. exd5 Bxd5 17. dxe5 Bxg2 18. Kxg2 Bxe5 19. Rfd1 Qxd2 20. Rxd2 Rfd8 21. Rcd1 Rxd2 22. Rxd2 Rd8 23. Rxd8+ Nxd8 24. Bd4 Nc6 25. Bc3 Kg7 26. f4 Bxc3 27. Nxc3 Kf6 28. Kf2 Ke6 29. Ke3 Kd6 30. Kd3 a6 31. a3 Nd8 32. b4 Ne6 33. Ne2 Kd5 34. Nc3+ Kc6 35. Kc4 Nc7 36. Ne2 Nd5 37. Nd4+ Kd6 38. Nf3 Ne3+ 1/2-1/2

[Event "Reykjavik op"]
[Site "Reykjavik"]
[Date "2018.03.06"]
[Round "1"]
[White "Thorsteinsson, Thorsteinn"]
[Black "Yu, Henry"]
[Result "1/2-1/2"]
[WhiteElo "2317"]
[BlackElo "2051"]
[PlyCount "62"]
[EventDate "2018.03.06"]
[EventType "swiss"]
[EventRounds "9"]
[EventCountry "ISL"]
[SourceTitle "CBM 183 Extra"]
[Source "ChessBase"]
[SourceDate "2018.04.19"]
[SourceVersion "1"]
[SourceVersionDate "2018.04.19"]
[SourceQuality "1"]

1. c4 Nf6 2. g3 e6 3. Bg2 d5 4. Nf3 Be7 5. b3 0-0 6. Bb2 c5 7. cxd5 exd5 8. d4 Nc6 9. 0-0 Bg4 10. dxc5 Ne4 11. Nc3 Nxc3 12. Bxc3 Bxc5 13. Rc1 Qd6 14. Rc2 d4 15. Rd2 Rad8 16. Qa1 Qh6 17. Rxd4 Nxd4 18. Nxd4 Rd7 19. e3 Rfd8 20. Be4 Bf8 21. h4 Qh5 22. Kg2 Be2 23. Re1 Bb5 24. a4 Bc6 25. Nxc6 bxc6 26. Bxc6 Rc7 27. Bb5 Rdc8 28. Bc4 Rxc4 29. bxc4 Rxc4 30. Rb1 Qc5 31. Bd4 Qc6+ 1/2-1/2

[Event "EU-ch Seniors 50 17h"]
[Site "Sabadell"]
[Date "2017.08.14"]
[Round "3"]
[White "Thorsteinsson, Thorsteinn"]
[Black "Ernst, Michael"]
[Result "1-0"]
[WhiteElo "2279"]
[BlackElo "2135"]
[PlyCount "71"]
[EventDate "2017.08.12"]
[EventType "swiss"]
[EventRounds "9"]
[EventCountry "ESP"]
[SourceTitle "CBM 180 Extra"]
[Source "ChessBase"]
[SourceDate "2017.10.06"]
[SourceVersion "1"]
[SourceVersionDate "2017.10.06"]
[SourceQuality "1"]

1. d4 Nf6 2. c4 e6 3. Nf3 d5 4. Nc3 c5 5. cxd5 Nxd5 6. e4 Nxc3 7. bxc3 cxd4 8. cxd4 Bb4+ 9. Bd2 Bxd2+ 10. Qxd2 0-0 11. Bc4 Nd7 12. 0-0 b6 13. Rfe1 Bb7 14. Rad1 Rc8 15. Bb3 Qe7 16. Qf4 Rfd8 17. d5 Nc5 18. Nd4 e5 19. Nf5 Qf6 20. Qf3 Nxb3 21. axb3 Kf8 22. Qh3 g6 23. Qh6+ Kg8 24. Rd3 Rd7 25. Rh3 Qh8 26. d6 f6 27. Ne7+ Rxe7 28. dxe7 Qg7 29. Qxg7+ Kxg7 30. Rc3 Re8 31. Rc7 Ba6 32. Rxa7 Bd3 33. f3 Kf7 34. Re3 Bb5 35. Rb7 Rxe7 36. Rxb6 1-0

[Event "ISL-chT 1617"]
[Site "Reykjavik"]
[Date "2017.03.04"]
[Round "8.1"]
[White "Gunnarsson, Gunnar K"]
[Black "Thorsteinsson, Thorsteinn"]
[Result "1/2-1/2"]
[WhiteElo "2150"]
[BlackElo "2267"]
[PlyCount "62"]
[EventDate "2016.09.29"]
[EventType "team-tourn"]
[EventRounds "9"]
[EventCountry "ISL"]
[SourceTitle "EXT 2018"]
[Source "ChessBase"]
[SourceDate "2017.10.13"]
[SourceVersion "1"]
[SourceVersionDate "2017.10.13"]
[SourceQuality "1"]
[WhiteTeam "KR CC"]
[BlackTeam "Huginn"]
[WhiteTeamCountry "ISL"]
[BlackTeamCountry "ISL"]

1. d4 Nf6 2. c4 d6 3. Nc3 Nbd7 4. Nf3 e5 5. e4 Be7 6. Be2 0-0 7. 0-0 c6 8. h3 Re8 9. dxe5 dxe5 10. Bg5 Qc7 11. Qc2 Nf8 12. Bh4 Nh5 13. Bg3 Ng6 14. Nh2 Nhf4 15. Bg4 h5 16. Bxc8 Raxc8 17. Nf3 Ne6 18. Rfd1 Rcd8 19. a3 Rxd1+ 20. Rxd1 h4 21. Bh2 Rd8 22. Rxd8+ Bxd8 23. Qd2 Be7 24. Nd1 Nc5 25. Qc2 Ne6 26. Ne3 Qa5 27. Kf1 Ng5 28. Nf5 Nxf3 29. gxf3 Bg5 30. Qd3 Bc1 31. Qd7 Qc5 1/2-1/2

[Event "ISL-chT 1617"]
[Site "Reykjavik"]
[Date "2017.03.02"]
[Round "6.3"]
[White "Karlsson, Bjorn Ivar"]
[Black "Thorsteinsson, Thorsteinn"]
[Result "1/2-1/2"]
[WhiteElo "2313"]
[BlackElo "2267"]
[PlyCount "48"]
[EventDate "2016.09.29"]
[EventType "team-tourn"]
[EventRounds "9"]
[EventCountry "ISL"]
[SourceTitle "EXT 2018"]
[Source "ChessBase"]
[SourceDate "2017.10.13"]
[SourceVersion "1"]
[SourceVersionDate "2017.10.13"]
[SourceQuality "1"]
[WhiteTeam "Akureyri"]
[BlackTeam "Huginn II"]
[WhiteTeamCountry "ISL"]
[BlackTeamCountry "ISL"]

1. e4 d6 2. Nc3 e5 3. Nf3 Nf6 4. d4 Nbd7 5. Bc4 Be7 6. a4 0-0 7. 0-0 c6 8. h3 a5 9. Ba2 Re8 10. Re1 h6 11. Be3 Qc7 12. Nh4 Nf8 13. dxe5 dxe5 14. Qf3 Be6 15. Nf5 Bxa2 16. Nxa2 Ne6 17. Nc1 Ng5 18. Bxg5 hxg5 19. Nd3 Rad8 20. Rad1 g6 21. Nh6+ Kg7 22. Ng4 Nxg4 23. Qxg4 Rd4 24. b3 Red8 1/2-1/2